000 00281nam a22000977a 4500
999 _c523426
_d523426
082 _aH9x54 T65
245 _aTowards the rule of law: 25 legal reforms for India
260 _aNew Delhi
_bVidhi Centre for Legal Policy
_c2019
300 _a71p.
650 _aLegal services - India
_939973